Open up your workplace: challenging homophobia and heteronormativity

সংরক্ষণ করুন:
গ্রন্থ-পঞ্জীর বিবরন
প্রধান লেখক: Alsterhag, Sofia
সংস্থা লেখক: Transnational Cooperation for Equality
বিন্যাস: গ্রন্থ
ভাষা:ইংরেজি
প্রকাশিত: Transnational Cooperation for Equality 2007
ট্যাগগুলো: ট্যাগ যুক্ত করুন
কোনো ট্যাগ নেই, প্রথমজন হিসাবে ট্যাগ করুন!

MARC

LEADER 00000nam a2200000 4500
005 20240529200441.0
008 240529b |||||||| |||| 00| 0 eng d
020 |a 9789197609661 
040 |c GP 
100 |a Alsterhag, Sofia 
110 |a Transnational Cooperation for Equality 
245 |a Open up your workplace: challenging homophobia and heteronormativity 
260 |b Transnational Cooperation for Equality  |c 2007 
942 |2 ddc  |c BK  |n 0 
952 |0 0  |1 0  |2 ddc  |4 0  |6 306_766000000000000_TRA  |7 1  |9 1331  |a RM  |b RM  |d 2024-05-29  |l 0  |o 306.766 TRA  |p 165  |r 2024-05-29 20:05:02  |w 2024-05-29  |y BK 
999 |c 1228  |d 1228